000 00601nas a2200229 i 4500
001 739
003 ES-MaACL
005 20250217133916.0
007 t|
008 950801d18861925xxum| | 1 ||ng d
080 _a(73)
080 _a05
245 0 4 _aThe Cosmopolitan
_b: an illustrated monthly magazine.
260 _aRochester, N.Y. :
_bSchlicht & Field,
_c1886-1925.
300 _a1 v. :
_bgrab ;
_c24 cm.
310 _aMensual
362 0 _a1886-1925.
650 1 4 _aRevistas de información general.
_916896
852 _aES-MaACL
_jHem-404
866 0 _o1900-01.
999 _c739
_d739